| 000 | 01252nmc a2200445 a 4500 | ||
|---|---|---|---|
| 003 | AR-BaBNM | ||
| 005 | 20251128204510.0 | ||
| 008 | 205019s1988 ||||||||||||||000 | spa|| | ||
| 020 | _a968-837-219-6 | ||
| 040 | _cAR-BaBNM | ||
| 245 | 1 | 0 | _aAntología de la poesía Norteamericana |
| 250 | _a4ª ed. | ||
| 260 |
_a[S.l.] _bUniversidad Nacional Autónoma de México _c1988 |
||
| 300 | 0 | _a329 p. | |
| 490 | 0 |
_aNuestros clásicos _vv. 11 |
|
| 500 | 0 | _aLos poemas están impresos en lengua norteamericana y traducidos al español | |
| 600 | 1 | 4 | _aWhitman, Walt |
| 600 | 1 | 4 | _aDickinson, Emily |
| 600 | 1 | 4 | _aLowell, Amy |
| 600 | 1 | 4 | _aFrost, Robert |
| 600 | 1 | 4 | _aSanburg, Carl |
| 600 | 1 | 4 | _aLindsay, M. |
| 600 | 1 | 4 | _aVachelwilliams, Williams Carlos |
| 600 | 1 | 4 | _aPound, Ezra |
| 600 | 1 | 4 | _aMoore, Maríanne |
| 600 | 1 | 4 | _aJeffers, Robinson |
| 600 | 1 | 4 | _aEliot, Thomas |
| 600 | 1 | 4 |
_aCrane, Hart _d1899-1932 |
| 600 | 1 | 4 | _aPoe, Edgar Allan |
| 650 | 4 | _aLITERATURA | |
| 650 | 4 | _aANTOLOGIAS | |
| 650 | 4 | _aPOESIA | |
| 650 | 4 | _aLITERATURA ESTADOUNIDENSE | |
| 650 | 4 | _aSIGLO VEINTE | |
| 655 | _aLITERATURA | ||
| 700 | 1 |
_aBartra, Agustí _ecompilador |
|
| 800 | 1 |
_aMonterroso, Augusto _edirector |
|
| 942 | _cBK | ||
| 998 | _cCarmen | ||
| 999 |
_c7655 _d7655 |
||